000 00398nam a2200181Ia 4500
005 20250423100004.0
008 250422s9999 xx 000 0 und d
020 _a0-435-24089-7
050 _aLB 1027 .S37/
100 _aScrivener, Jim
245 0 _aLearning teaching
260 _aOxford
260 _bMacmillan
260 _c1994
300 _a218 p
650 _aTeaching
942 _cBK
999 _c31950
_d31950